Responses for show #771 - Monday, January 4, 1988

Bruce Seymour game 3.

Contestants

Jamie Campbell, a secretary originally from Texas

Steven Chinn, an attorney originally from London, England

Bruce Seymour, a writer from Piedmont, California (whose 2-day cash winnings total $29,989)

Jeopardy! Round responses

NEVADA
NAMES
NUMBERS IN SONG
BUSINESS & INDUSTRY
SHAKESPEARE
BACK TO THE BEACH
    $100 2
Rudolph

Steven
    $100 4
8

Steven
    $100 3
(Jamie: What is American Motors company?)
[Accepted as correct, even though the company was called "Corporation", not "Company".]

American Motors (AMC)

Jamie
    $100 17
Annette Funicello

Jamie
    $200 1
rain

Jamie
    $200 22
(Alex: We've got a minute to go.)

Henry

Jamie
    $200 7
96

Jamie
    $200 5
the zipper

Bruce
    $200 9
Shylock

Bruce
    $200 18
(Jamie: What is Gidget?)

Frankie Avalon

Jamie
Triple Stumper
    $300 6
gambling

Jamie
    $300 23
Stella

Bruce
    $300 8
9

Bruce
    $300 13
(Jamie: What are Quaker Oats?)

animal crackers

Jamie
Triple Stumper
    $300 10
Falstaff

Bruce
    $300 19
Gilligan

Jamie
    $400 26
[The end-of-round signal sounds.]

Virginia City

Bruce
    $400 24
John Paul

Bruce
    $400 15
"50 Ways To Leave Your Lover"

Steven
    $400 14
Paul Newman

Jamie
    $400 11
"Get thee to a nunnery:"

Bruce
    $1,000 20
Pee-wee Herman

Jamie
    $500 25
the Flintstones & the Rubbles

Triple Stumper
    $500 16
"Torn Between Two Lovers"

Jamie
    $500 12
January

Steven
    $500 21
the Cleavers

Triple Stumper

Scores at the first commercial break (after clue 14):

Bruce Steven Jamie
$1,400 $700 $900

Scores at the end of the Jeopardy! Round:

Bruce Steven Jamie
$2,500 $1,100 $2,800

Double Jeopardy! Round responses

PRESIDENTS
EXPLORERS
STARTS WITH "E"
ANATOMY
CHEESE
MORTAL MATTERS
    $200 6
Carter

Bruce
    $200 11
the Pacific Ocean

Steven
    $200 1
electricity

Bruce
    $200 22
fat

Bruce
    $200 26
Nebraska

Jamie
    $200 18
dead on arrival

Steven
    $400 2
Lincoln

Bruce
    $400 12
(Steven: Who was, uh, Cabot? Sebastian Cabot?)

John Cabot

BruceSteven
    $400 10
espionage

Bruce
    $400 7
the retina

Bruce
    $400 27
mold

Bruce
    $400 19
David

Bruce
    $600 3
Andrew Johnson

Bruce
    $600 13
(Jamie: What was the Nina?)
(Alex: No, sorry. [Time expires] Left two ships, but the one that didn't make it back was [*].)

the Santa Maria

Jamie
Triple Stumper
    $600 15
eminent domain

Steven
    $600 8
the heart

Jamie
    $600 28
yaks

Bruce
    $600 23
(Alex: We've got less than a minute to go, Bruce. Make your selection.)

Antony & Cleopatra

Triple Stumper
    $1,200 4
(Alex: You seemed in the middle of the response to draw a bit of a blank. You came through, however. Did you almost lose it?)
(Bruce: It was close. It was close.)
(Alex: It was close. All right. You've got $4,900 and you select again.)

Lyndon Johnson & Richard Nixon (& Herbert Hoover)

Bruce
    $800 14
Erik

Steven
    $800 16
encephalitis

Bruce
    $1,000 9
(Jamie: What is plasma...)
(Alex: Right.)
(Jamie: ...and... [Laughs])

plasma & platelets

Jamie
    $800 29
[The end-of-round signal sounds.]

Parmesan

Steven
    $800 24
Sir Thomas More

Bruce
    $1000 5
(Steven: Who was McKinley?)

(James) Garfield

BruceSteven
    $1000 20
Russia

Bruce
    $1000 17
the eland

Jamie
    $1000 21
the tonsils

Bruce
    $1000 25
Peter Minuit

Triple Stumper

Scores at the end of the Double Jeopardy! Round:

Bruce Steven Jamie
$12,500 $2,300 $3,000
(lock game)

[wagering suggestions for these scores]

Final Jeopardy! Round responses

TELEVISION HISTORY
(Alex: There were a lot of stares on that Final Jeopardy!, I must say.)
...
(Alex: [To Steven] You couldn't come up with the television show, either. All right. I say "either" because I noticed our champion, uh... didn't write too much.)
...
(Alex: [To Jamie] You're absolutely right. That is the show. There are very few variety shows still left in production. [*] is in syndication, as you know.)
StevenWhat What is ?
$800
JamieWhat is Hee Haw?
$2,000
BruceWhat is ?
$2,500
Hee Haw

Final scores:

Bruce Steven Jamie
$10,000 $1,500 $5,000
3-day champion: $39,989 3rd place: a Litton microwave oven 2nd place: a Broyhill oak rolltop desk and matching chair + a Smith Corona XD 6700 portable electronic typewriter

Game dynamics:

Coryat scores:

Bruce Steven Jamie
$12,100 $2,300 $3,400
25 R
(including 1 DD),
0 W
9 R,
2 W
13 R
(including 1 DD),
4 W
(including 1 DD)

Combined Coryat: $17,800

The J! Archive is created by fans, for fans. The Jeopardy! game show and all elements thereof, including but not limited to copyright and trademark thereto, are the property of Jeopardy Productions, Inc. and are protected under law. This website is not affiliated with, sponsored by, or operated by Jeopardy Productions, Inc. Join the discussion at JBoard.tv.